Nabi Yusuf dicampak dalam perigi (Record no. 145489)

MARC details
000 -LEADER
fixed length control field 00713nam a2200253 i 4500
001 - CONTROL NUMBER
control field C2-0224606
003 - CONTROL NUMBER IDENTIFIER
control field PPAK
005 - DATE AND TIME OF LATEST TRANSACTION
control field 20180728153104.0
008 - FIXED-LENGTH DATA ELEMENTS--GENERAL INFORMATION
fixed length control field 000508s2000 my a|||| ||||| | may d
020 ## - INTERNATIONAL STANDARD BOOK NUMBER
International Standard Book Number 983077368X
040 ## - CATALOGING SOURCE
Original cataloging agency PPAK
Language of cataloging eng
Transcribing agency PPAK
Description conventions rda
082 04 - DEWEY DECIMAL CLASSIFICATION NUMBER
Classification number 297.18
Edition number 23
090 00 - LOCALLY ASSIGNED LC-TYPE CALL NUMBER (OCLC); LOCAL CALL NUMBER (RLIN)
Classification number (OCLC) (R) ; Classification number, CALL (RLIN) (NR) 297.18
Feature heading NAB
Feature heading K
245 00 - TITLE STATEMENT
Title Nabi Yusuf dicampak dalam perigi
264 #1 - PRODUCTION, PUBLICATION, DISTRIBUTION, MANUFACTURE, AND COPYRIGHT NOTICE
Place of production, publication, distribution, manufacture Johor Bahru, Johor :
Name of producer, publisher, distributor, manufacturer Jahabersa ,
Date of production, publication, distribution, manufacture, or copyright notice [2000]
300 ## - PHYSICAL DESCRIPTION
Extent 16 pages :
Other physical details colour illustrations ;
Dimensions 26 cm
336 ## - CONTENT TYPE
Source rdacontent
Content type term text
337 ## - MEDIA TYPE
Source rdamedia
Media type term unmediated
338 ## - CARRIER TYPE
Source rdacarrier
Carrier type term volume
490 1# - SERIES STATEMENT
Series statement Siri teladan 25 rasul
650 10 - SUBJECT ADDED ENTRY--TOPICAL TERM
Topical term or geographic name entry element Islamic stories, Malay
830 #0 - SERIES ADDED ENTRY--UNIFORM TITLE
Uniform title Siri teladan 25 rasul
942 ## - ADDED ENTRY ELEMENTS (KOHA)
-- dc
Koha item type Book
Holdings
Withdrawn Not for loan Current library Shelving location Date acquired Full call number Barcode Date last seen Koha item type Total Checkouts
    PD23, Taman Mas Merah, Titi Gajah, Alor Setar Pinjaman Kanak-kanak 08/05/2000 K 297.18 NAB A00918247 31/05/2018 Book  
    PD24, Felda Bukit Tangga, Bukit Kayu Hitam Pinjaman Kanak-kanak 08/05/2000 K 297.18 NAB A00918249 31/05/2018 Book  
    PD24, Felda Bukit Tangga, Bukit Kayu Hitam Pinjaman Kanak-kanak 08/05/2000 K 297.18 NAB A00918250 31/05/2018 Book  
    PD25, KEDA Batu 13, Pokok Sena Pinjaman Kanak-kanak 08/05/2000 K 297.18 NAB A00918251 31/05/2018 Book  
    PD25, KEDA Batu 13, Pokok Sena Pinjaman Kanak-kanak 08/05/2000 K 297.18 NAB A00918252 31/05/2018 Book  
    PD27, Kg. Bendang Bukit, Pendang Pinjaman Kanak-kanak 08/05/2000 K 297.18 NAB A00918255 31/05/2018 Book  
    PD27, Kg. Bendang Bukit, Pendang Pinjaman Kanak-kanak 08/05/2000 K 297.18 NAB A00918256 31/05/2018 Book  
    PD28, Kg. Paya Kerchut, Pendang Pinjaman Kanak-kanak 08/05/2000 K 297.18 NAB A00918257 31/05/2018 Book  
    PD28, Kg. Paya Kerchut, Pendang Pinjaman Kanak-kanak 08/05/2000 K 297.18 NAB A00918258 31/05/2018 Book